000 01160nam a22002777a 4500
999 _c64443
_d64443
005 20240530110732.0
008 160313s2017 ua a f b 000 0 ara d
017 _a2012/21478
_bمصر . دار الكتب المصرية
020 _a9789770527564
040 _aEG-CaGPL
_cEG-CaGPL
082 0 4 _221
_a128 \
_bف إ
100 1 _aفرانكل ، فيكتور
245 1 2 _aالانسان والبحث عن المعنى :
_bمعنى الحياة والعلاج بالمعنى /
_cتأليف فيكتور فرانكل ؛ تقديم جوردون اولبورت ؛ ترجمة طلعت منصور
250 _aط.1
260 _aالقاهرة :
_bمكتبة الانجلو المصرية ،
_c2017 .
300 _a142 ص. ؛
_c24 سم .
504 _aيشتمل على ارجاعات ببليوجرافية
650 0 7 _aالحياة
_2qrmak
650 0 7 _aالعلاج بالمعنى
_2qrmak
650 0 7 _aالانفعالات النفسية
_2qrmak
651 _2qrmak
700 0 _aجوردون اولبورت
_eمقدم
700 0 _aطلعت منصور
_eمترجم
942 _2ddc
_cBK